|
|
|
|
| LEADER |
01655nam a2200325 4500 |
| 001 |
328903 |
| 003 |
BD-DhAAL |
| 005 |
20220215145520.0 |
| 008 |
180329t2017 bg a|||| b||| 001 0dben d |
| 999 |
|
|
|c 39173
|d 39173
|
| 020 |
|
|
|a 9789847763767 (vol-V)
|
| 020 |
|
|
|a 9789847763781 (set)
|
| 040 |
|
|
|a BD-DhAAL
|
| 041 |
|
|
|a BEN
|
| 082 |
|
|
|a 891.44
|2 21
|
| 100 |
|
|
|a দাশ, জীবনানন্দ
|9 25278
|
| 245 |
|
|
|a জীবনানন্দ-রচনাবলী :
|n পঞ্চম খন্ড
|c জীবনানন্দ দাশ,
|
| 246 |
|
|
|a Jibanananda-rachanabali vol-V :
|b a compilation of literary works of jibanananda das
|
| 260 |
|
|
|a ঢাকা :
|b ঐতিহ্য,
|c c২০১৭
|
| 300 |
|
|
|a ৬২৮ পৃষ্ঠা ;
|b চিত্র ;
|c ২১ সে. মি.
|
| 362 |
|
|
|a পঞ্চম খন্ড
|
| 504 |
|
|
|6 বিবলিওগ্রাফী ও ইনডেক্স অন্তর্ভূক্ত
|
| 526 |
|
|
|a OCA
|
| 541 |
|
|
|a Office Of Co-Carricular Activities
|e 32903,32963
|
| 600 |
|
|
|a দাশ, জীবনানন্দ,
|d ১৮৯৯-১৯৫৪.
|9 25420
|
| 650 |
|
|
|a Bengali literature.
|9 25439
|
| 852 |
|
|
|a Ayesha Abed Library
|c General Stacks
|
| 942 |
|
|
|2 ddc
|c BK
|
| 952 |
|
|
|0 0
|1 0
|2 ddc
|4 0
|6 891_440000000000000_DAS
|7 0
|9 63010
|a BRACUL
|b BRACUL
|c GEN
|d 2018-03-29
|e Office of Co-Curricular Activities
|g 750.00
|l 1
|m 1
|o 891.44 DAS
|p 3010032903
|r 2020-03-05
|s 2018-05-07
|t 1
|v 750.00
|w 2018-03-29
|y BK
|
| 952 |
|
|
|0 0
|1 0
|2 ddc
|4 0
|6 891_440000000000000_DAS
|7 0
|9 63124
|a BRACUL
|b BRACUL
|c GEN
|d 2018-04-11
|e Oitijjhay
|g 750.00
|l 5
|m 40
|o 891.44 DAS
|p 3010032963
|r 2025-04-28
|s 2025-02-20
|t 2
|v 750.00
|w 2018-04-11
|y BK
|